Normal view MARC view
  • French Canadians

Entry Topical Term

Number of records used in: 1

001 - CONTROL NUMBER

  • control field: 153642

003 - CONTROL NUMBER IDENTIFIER

  • control field: TR-AnTOB

005 - DATE AND TIME OF LATEST TRANSACTION

  • control field: 20260414104530.0

008 - FIXED-LENGTH DATA ELEMENTS

  • fixed length control field: 260414n|eazannbab| |n aaa d

035 ## - SYSTEM CONTROL NUMBER

  • System control number: (TR-AnTOB)153642

040 ## - CATALOGING SOURCE

  • Original cataloging agency: TR-AnTOB
  • Transcribing agency: TR-AnTOB

150 ## - HEADING--TOPICAL TERM

  • Topical term or geographic name entry element: French Canadians
  • General subdivision: Social life and customs
  • Form subdivision: Fiction

450 ## - SEE FROM TRACING--TOPICAL TERM

  • Topical term or geographic name entry element: Fransız Kanadalılar
  • General subdivision: Sosyal yaşam ve gelenekler
  • Form subdivision: Roman

450 ## - SEE FROM TRACING--TOPICAL TERM

  • Topical term or geographic name entry element: Fransız Kanadalılar
  • General subdivision: Sosyal yaşam ve adetler
  • Form subdivision: Roman

450 ## - SEE FROM TRACING--TOPICAL TERM

  • Topical term or geographic name entry element: Fransız Kanadalılar
  • General subdivision: Sosyal hayat ve gelenekler
  • Form subdivision: Roman

450 ## - SEE FROM TRACING--TOPICAL TERM

  • Topical term or geographic name entry element: Fransız Kanadalılar
  • General subdivision: Sosyal hayat ve adetler
  • Form subdivision: Roman

688 ## - APPLICATION HISTORY NOTE

  • Institution to which field applies: TR-AnTOB
  • Application history note: Op 14.04.2026
Devinim Yazılım Eğitim Danışmanlık tarafından Koha'nın orjinal sürümü uyarlanarak geliştirilip kurulmuştur.